Sports Quiz

Random Sports Quiz

SEC Yearly Rushing Leaders per Team since 2000 Quiz Stats

 Plays Quiz not verified by Sporcle

Challenge
Share
Tweet
Embed
Score 0/144 Timer 10:00
0 Plays Today
Team Player % Correct
AlabamaTrent Richardson
92.1%
AlabamaShaud Williams
89.1%
AlabamaShaud Williams
89.1%
AuburnCarnell Williams
89.1%
AuburnCarnell Williams
89.1%
AuburnCarnell Williams
89.1%
KentuckyCoshik Williams
89.1%
AlabamaMark Ingram
87.1%
AlabamaMark Ingram
87.1%
ArkansasDarren McFadden
87.1%
ArkansasDarren McFadden
87.1%
ArkansasDarren McFadden
87.1%
ArkansasMatt Jones
82.2%
AuburnRonnie Brown
80.2%
GeorgiaThomas Brown
80.2%
GeorgiaThomas Brown
80.2%
FloridaTim Tebow
75.2%
FloridaTim Tebow
75.2%
FloridaTim Tebow
75.2%
GeorgiaKnowshon Moreno
74.3%
GeorgiaKnowshon Moreno
74.3%
ArkansasMichael Smith
68.3%
GeorgiaMusa Smith
68.3%
ArkansasKnile Davis
65.3%
LSUDomanick Davis
65.3%
South CarolinaMike Davis
65.3%
South CarolinaMike Davis
65.3%
ArkansasDennis Johnson
63.4%
AuburnRudi Johnson
63.4%
AuburnCam Newton
55.4%
South CarolinaMarcus Lattimore
48.5%
South CarolinaMarcus Lattimore
48.5%
TennesseeArian Foster
46.5%
TennesseeArian Foster
46.5%
TennesseeArian Foster
46.5%
ArkansasBroderick Green
44.6%
FloridaChris Rainey
40.6%
LSUJoseph Addai
39.6%
AuburnMichael Dyer
34.7%
Ole MissDeuce McAllister
30.7%
Ole MissBenJarvus Green-Ellis
30.7%
Ole MissBenJarvus Green-Ellis
30.7%
FloridaJeff Demps
29.7%
AuburnKenny Irons
28.7%
AuburnKenny Irons
28.7%
LSUStevan Ridley
27.7%
TennesseeTravis Henry
27.7%
LSUJacob Hester
25.7%
Team Player % Correct
LSUJacob Hester
25.7%
AlabamaGlen Coffee
23.8%
KentuckyTony Dixon
22.8%
Mississippi St.Anthony Dixon
22.8%
Mississippi St.Anthony Dixon
22.8%
Mississippi St.Anthony Dixon
22.8%
Mississippi St.Anthony Dixon
22.8%
LSUJustin Vincent
21.8%
Mississippi St.Dicenzo Miller
20.8%
Mississippi St.Dicenzo Miller
20.8%
VanderbiltLew Thomas
20.8%
FloridaEarnest Graham
19.8%
FloridaEarnest Graham
19.8%
KentuckyChad Scott
19.8%
LSUCharles Scott
19.8%
LSUCharles Scott
19.8%
Ole MissDexter McCluster
19.8%
Ole MissDexter McCluster
19.8%
Ole MissJeff Scott
19.8%
AlabamaTerry Grant
16.8%
AuburnBen Tate
16.8%
AuburnBen Tate
16.8%
AuburnBen Tate
16.8%
FloridaCiatrick Fason
16.8%
TennesseeMontario Hardesty
15.8%
AlabamaKen Darby
14.9%
AlabamaKen Darby
14.9%
AlabamaKen Darby
14.9%
FloridaDeshawn Wynn
14.9%
FloridaDeshawn Wynn
14.9%
GeorgiaIsaiah Crowell
14.9%
LSUMichael Ford
14.9%
TennesseeTravis Stephens
14.9%
VanderbiltZac Stacy
12.9%
South CarolinaDerek Watson
11.9%
South CarolinaDerek Watson
11.9%
Mississippi St.Vick Ballard
10.9%
Mississippi St.Vick Ballard
10.9%
TennesseeCedric Houston
10.9%
TennesseeCedric Houston
10.9%
GeorgiaKregg Lumpkin
9.9%
Mississippi St.Jerious Norwood
9.9%
Mississippi St.Jerious Norwood
9.9%
ArkansasCedric Cobbs
8.9%
KentuckyArtose Pinner
8.9%
KentuckyArtose Pinner
8.9%
TennesseeGerald Riggs Jr.
8.9%
TennesseeTauren Poole
8.9%
Team Player % Correct
TennesseeTauren Poole
8.9%
LSULabrandon Toefield
7.9%
LSULabrandon Toefield
7.9%
KentuckyDerrick Locke
6.9%
KentuckyDerrick Locke
6.9%
LSUAlley Broussard
6.9%
KentuckyShane Boyd
5.9%
South CarolinaCory Boyd
5.9%
South CarolinaCory Boyd
5.9%
KentuckyRafael Little
5%
KentuckyRafael Little
5%
KentuckyRafael Little
5%
Mississippi St.Nick Turner
5%
Ole MissTremaine Turner
5%
Ole MissBrandon Bolden
5%
South CarolinaKenny Miles
5%
GeorgiaMichael Cooper
4%
GeorgiaWashaun Ealey
4%
GeorgiaWashaun Ealey
4%
South CarolinaDemetris Summers
4%
VanderbiltWarren Norman
4%
VanderbiltWarren Norman
4%
FloridaRobert Gillespie
3%
FloridaRon Carthon
3%
GeorgiaVerron Haynes
3%
South CarolinaCorey Jenkins
3%
AlabamaAhmaad Galloway
2%
AlabamaAhmaad Galloway
2%
ArkansasFred Talley
1%
ArkansasFred Talley
1%
ArkansasFred Talley
1%
Mississippi St.Justin Griffith
1%
Ole MissJoe Gunn
1%
South CarolinaDaccus Turman
1%
TennesseeLamarcus Coker
1%
VanderbiltKwane Doster
1%
VanderbiltJared Hawkins
1%
GeorgiaBrett Millican
0%
KentuckyArliss Beach
0%
Ole MissRonald McClendon
0%
Ole MissVashon Pearson
0%
Ole MissMico McSwain
0%
VanderbiltJared McGrath
0%
VanderbiltNorval McKenzie
0%
VanderbiltNorval McKenzie
0%
VanderbiltCassen Jackson-Garrison
0%
VanderbiltChris Nickson
0%
VanderbiltCassen Jackson-Garrison
0%

You're not logged in!

Compare scores with friends on all Sporcle quizzes.
Join for Free
OR
Log In

You Might Also Like...

Show Comments

Extras

Top Quizzes Today


Score Distribution

Your Account Isn't Verified!

In order to create a playlist on Sporcle, you need to verify the email address you used during registration. Go to your Sporcle Settings to finish the process.

Report this User

Report this user for behavior that violates our Community Guidelines.

Details: